| 000 | 00976nam a22002177a 4500 | ||
|---|---|---|---|
| 999 |
_c19498 _d19498 |
||
| 003 | AR-CdUCM | ||
| 008 | 190517b ||||| |||| 00| 0 spa d | ||
| 040 |
_aMUNICIPALIDAD PROVINCIAL DEL CUSCO _cBIBLIOTECA MUNICIPAL DEL CUSCO |
||
| 082 |
_a372.5 / _bF97 |
||
| 100 |
_aFurter, Pierre _940865 |
||
| 245 |
_aLa vida moral del adolescente : _bbases de una pedagogía para la juventud contemporánea / |
||
| 260 |
_aBuenos Aires : _bEl Ateneo, _c1968. |
||
| 300 |
_a261 paginas ; _c24 cm. |
||
| 440 |
_aBiblioteca "Nuevas orientaciones de la educación" ; _910698 |
||
| 505 | _aContenido: Los problemas morales del descubrimiento del cuerpo -- Los fundamentos psicológicos de la vida moral juvenil -- Los encuentros con el otro -- Profesores y alumnos en la comunidad escolar... | ||
| 650 |
_aPsicología del adolescente _911458 |
||
| 650 |
_aPsicopedagogia _9590 |
||
| 700 |
_aGarcía Canclini, Néstor (traductor) _940866 |
||
| 942 |
_2ddc _cLIBROS |
||
| 945 |
_aacv _d2019-05-17 |
||